Chile 1973: los meses previos al golpe de Estado

Guardat en:
Dades bibliogràfiques
Autor principal: Milos Hurtado, Pedro (autor)
Format: Llibre
Idioma:espanyol
Publicat: Santiago Ediciones Universidad Alberto Hurtado 2013
Edició:1a. ed
Col·lecció:Memoria a 40 Años, 4
Matèries:
Etiquetes: Afegir etiqueta
Sense etiquetes, Sigues el primer a etiquetar aquest registre!

MARC

LEADER 00000cam a2200000 a 4500
001 UCD5166
003 CL-VaPUC
008 160811e20130000cl |||||||||||||||||spa|d
020 |a 9789569320507 
082 0 4 |a 983.0646  |b MIL  |2 21 
100 |a Milos Hurtado, Pedro  |e autor  |9 588895 
245 1 0 |a Chile 1973: los meses previos al golpe de Estado 
250 |a 1a. ed 
300 |a 259 p 
942 |c BK 
945 |d 20160811 17:41:00  |a dcastane 
260 |a Santiago  |b Ediciones Universidad Alberto Hurtado  |c 2013 
650 0 |a Historia de Chile siglo 20  |9 268145 
650 0 |a Unidad popular  |9 317409 
650 0 |a Golpe de estado  |9 264543 
583 |a last modification  |c 20160811 17:41:00  |k Rodrigo Vera 
490 0 |a Memoria a 40 Años, 4 
999 |c 365912  |d 365910 
952 |0 0  |1 0  |3 erb  |4 0  |6 983_064600000000000_MIL_2013  |7 0  |8 A  |9 479883  |a BIBHIS  |b BIBHIS  |i 5337143  |l 3  |o 983.0646 MIL 2013  |p 5337143  |r 2025-04-28  |s 2025-04-28  |w 2019-11-24  |y BK  |z Catalogado en:20160811  |k HIS